LEADER 01519nam a2200265 4500 001 000000352698 003 CaOOAMICUS 005 20230117075410.0 008 230117s1828 it a 000 u ita r 026 $ea.to p-i- lere Sume (3) 1828 (A) 040 $aSeMil$bita 100 11$aMontagnani, Pietro Paolo,$d.$0(OLS)http://semarc/name/117000 245 10$aEsposizione descrittiva delle pitture di Raffaello Sanzio da Urbino nelle stanze vaticane date alla luce da Pietro Paolo Montagnani. 246 0 $iTit. dell'occhietto$aPitture delle stanze di Raffaelle nel Vaticano 264 1$aRoma :$b(nella Stamperia della Rev. Cam. Apost.),$c1828. 300 $a[8], VIII, 226, [1! p., [1] carta di tav. ripieg. :$britr., ill. ;$c8° 500 $aSegn.: ?? a-iš˛ k? 650 4$aSanzio, Raffaello <1483-1520> - Affreschi - Roma - Musei vaticani - Stanze.$0(OLS)http://semarc/subject/17091 710 2 $aStamperia Camerale$b.$0(OLS)http://semarc/name/4421 850 $aSeMil 852 $aSeMil$W1$xVenegono$y1$m5D V 9 FA$j236454$B243920$CSeMilBibl$Z2$F243920 $8I 996 $6245$aEsposizione descrittiva delle pitture di Raffaello Sanzio da Urbino nelle stanze vaticane date alla luce da Pietro Paolo Montagnani$9(OLS)http://semarc/title/442603 996 $6246$aPitture delle stanze di Raffaelle nel Vaticano$9(OLS)http://semarc/title/442604 996 $6264$aRoma :$b(nella Stamperia della Rev. Cam. Apost.)$9(OLS)http://semarc/publisher/60803 LEADER 00904nam a2200181 i 4500 001 000000220132 003 CaOOAMICUS 005 20130429000000.0 008 130429s1901 it u000 u ita u 013 $a199029 040 $aSeMil$bita 245 10$aVol. 4. 300 $aXXII, 754 p. :$bill. 500 $aSul front. : Adiecto opusculo de convenientia institutorum Rom. Ecclesiae cum evangelica libertate. 773 0 $tFr. Francisci de Sylvestris Ferrariensis O.P. Commentaria in libros quatuor contra gentiles S. Thomae De Aquino.$bEditio novissima ad fidem antiquioris exemplaris impressa novoque ordine digesta / cura et studio Ioachim Sestili.$dRomae : Sumptibus et typis Orphanotrophii a S. Hieronymo Aemiliani, 1897-1901.$g4$w()28449 850 $aSeMil 852 $aSeMil$W1$xVenegono$y1$m2L II 101 FA$j170489$B170489$CSeMilBibl$Z2$F181131 $8I 996 $6245$aVol. 4$9(OLS)http://semarc/title/108694